01366nam a2200265Ia 4500001000600000003000900006008004100015040001300056040001300069041001300082100001100095100002900106245005800135245005700193250001100250260002800261260001200289260004900301300005700350500059200407650002500999650003101024700001601055700002901071G5127IT-RoPAU130308s9999 xx 000 0 und d aIT-RoPAU cIT-RoPAU aITALIANO aAA.VV. gCodice Aut. SPICS: 12000 aAlfabeti: preistoria e storia del linguaggio scritto bAlfabeti: Preistoria e storia del Linguaggio Scritto a1a ed. aCOLOGNOLA AI COLLI (VR) bDemetra c2000 [1° Ed.:2000 - Ed.Ling.Originale:2000] a"256 p. (prefazione: no ; testo: 256 [pagine: 0-0])" aPiu' che una Storia della Scrittura, I Saggi Forniscono le linee della Storia della Sua invenzione nel Vicino Oriente e Sulle Sponde del Mediterraneo, Dai sistemi Misti (Ideografici e Fonografici), Basati Sull'Intuizione della Sillaba, All'Introduzione in Grecia delle lettere Fenice e di Qui Agli Alfabeti della Nuova Europa. Homo Scribens del curatore Mario Negri. Alle Origini della Scrittura. Vicino Oriente Cuneiforme. Scritture dell'Egiziano. Scritture Egee. Alfabeti Semitici del Secondo Millennio. Alfabeto Greco. Alfabeto Etrusco. Alfabeti D'Italia. Alfabeti della Nuova Europa. aSAGGI DI LINGUISTICA eCodice materia Spics: 3207 aNegri Mario gCodice Aut. SPICS: 54972